| 000 | 00381nam a2200145Ia 4500 | ||
|---|---|---|---|
| 008 | 240624s9999 xx 000 0 und d | ||
| 041 | _aeng | ||
| 082 | _a302.35 CLE | ||
| 100 | _aCLEGG STEWART R | ||
| 245 | _aINTERNATIONAL ENCYCLOPEDIA OF ORGANIZATI | ||
| 260 |
_c2008 _aLondon _bSage International |
||
| 300 | _axlviii, : 411 : p. : cm. ; 28 | ||
| 365 |
_cGBP _b38 |
||
| 440 | _v2 | ||
| 999 |
_c23248 _d23248 |
||